America's first air war : the United States army, naval and marine air services in the First World War /

Bibliographic Details
Main Author: Treadwell, Terry C.
Format: Book
Language:English
Published: Shrewsbury : Airlife, 2000.
Subjects:

MARC

Tag First Indicator Second Indicator Subfields
LEADER 00000cam a2200000 a 4500
001 in00001567721
005 20151022090138.0
008 000210s2000 enkac b 001 0 eng
015 |a GBA0-Z2618 
020 |a 1840371137 
029 0 |a UKM  |b bA0Z2618 
035 |a (OCoLC)ocm43456940 
035 |a (OCoLC)ocm43456940  
040 |a UKM  |c UKM  |d TXA  |d UtOrBLW 
043 |a n-us--- 
049 |a TXAM 
082 0 4 |a 940.44973  |2 21 
090 |a D606  |b .T74 2000 
100 1 |a Treadwell, Terry C. 
245 1 0 |a America's first air war :  |b the United States army, naval and marine air services in the First World War /  |c Terry C. Treadwell. 
264 1 |a Shrewsbury :  |b Airlife,  |c 2000. 
300 |a 176 pages :  |b illustrations, portraits ;  |c 25 cm. 
336 |a text  |b txt  |2 rdacontent 
337 |a unmediated  |b n  |2 rdamedia 
338 |a volume  |b nc  |2 rdacarrier 
504 |a Includes bibliographical references (page 171) and index. 
650 0 |a World War, 1914-1918  |z United States  |x Aerial operations. 
948 |a cataloged  |b h  |c 2001/6/6  |d c  |e jspillan  |f 2:37:35 pm 
994 |a E0  |b TXA 
999 |a MARS 
999 f f |s 101fa717-cf5e-33fe-be01-bf58d860bf42  |i e6216373-a5a3-39ae-aa60-bf84d6c37cfe  |t 0 
952 f f |p noncirc  |a Texas A&M University  |b College Station  |c Cushing Memorial Library & Archives  |d Cushing: Ragan Military (Does not check out)  |t 0  |e D606 .T74 2000  |h Library of Congress classification  |i unmediated -- volume  |m A14852141630 
952 f f |p ric  |a Texas A&M University  |b Rellis Campus  |c Joint Library Facility  |d Remote Storage  |t 0  |e D606 .T74 2000  |h Library of Congress classification  |i unmediated -- volume  |m A14827660242 
998 f f |a D606 .T74 2000  |t 0  |l Remote Storage 
998 f f |a D606 .T74 2000  |t 0  |l Cushing: Ragan Military (Does not check out)